| 000 | 01277nam a22004097a 4500 | ||
|---|---|---|---|
| 001 | 0008407 | ||
| 003 | KOHA_MİRAKIL | ||
| 005 | 20260207001633.0 | ||
| 007 | ta | ||
| 008 | 091009b2000 tu |||gr||||#||||0|tur | | ||
| 020 | _a9754868450 | ||
| 040 |
_aTR-BiSEU _btur _cTR-BiSEU _erda |
||
| 041 | 0 | _atur | |
| 044 | _ctu | ||
| 050 |
_aHD30.28 _b.E67 2000 |
||
| 100 | 1 | _aEren, Erol. | |
| 240 | 1 | 0 |
_astratejik yönetim ve işletme politikası _lTürkçe |
| 245 | 1 |
_aİşletmelerde stratejik yönetim ve işletme politikası = _bstratejik yönetim ve işletme politikası/ _cErol Eren ; Erol Eren. |
|
| 250 | _a5. bs. | ||
| 264 | 1 |
_aİstanbul : _bBeta Basım Yayım _c2000 |
|
| 300 | _aXVI,552 sayfa: resimli;24 cm. | ||
| 336 |
_ametin _btxt _2rdacontent |
||
| 337 |
_aaracısız _bn _2rdamedia |
||
| 338 |
_acilt _bnc _2rdacarrier |
||
| 490 | 1 |
_aBeta ; _vyayın no. |
|
| 490 | 1 | _a944. | |
| 490 | 1 |
_aİşletme-Ekonomi dizisi ; _v99 |
|
| 500 | _aKaynakça var. | ||
| 650 | 0 |
_aBusiness planning. _918816 |
|
| 650 | 0 |
_aİş planlaması. _918817 |
|
| 650 | 0 |
_aStrategic planning. _94835 |
|
| 650 | 0 |
_aStratejik planlama. _95288 |
|
| 830 | 1 |
_aBeta ; _vyayın no. _92823 |
|
| 830 | 1 |
_a944. _920928 |
|
| 830 | 1 |
_aİşletme-Ekonomi dizisi ; _v99 _96491 |
|
| 942 |
_2lcc _cBK |
||
| 999 |
_c8379 _d8379 |
||